हरवलेले श्रेय. (Record no. 252953)

MARC details
000 -LEADER
fixed length control field 00568nam a2200181Ia 4500
008 - FIXED-LENGTH DATA ELEMENTS--GENERAL INFORMATION
fixed length control field 090630s9999 xx 000 0 und d
082 ## - DEWEY DECIMAL CLASSIFICATION NUMBER
Item number 1097
100 ## - MAIN ENTRY--PERSONAL NAME
Personal name केशवसुत.
245 ## - TITLE STATEMENT
Title हरवलेले श्रेय.
Statement of responsibility, etc केशवसुत.
260 ## - PUBLICATION, DISTRIBUTION, ETC. (IMPRINT)
Name of publisher, distributor, etc कॉन्टीनेंटल.
Date of publication, distribution, etc 1956
300 ## - PHYSICAL DESCRIPTION
Extent 264
600 ## - SUBJECT ADDED ENTRY--PERSONAL NAME
Personal name केशवसुत.
630 ## - SUBJECT ADDED ENTRY--UNIFORM TITLE
Uniform title हरवलेले श्रेय.
655 ## - INDEX TERM--GENRE/FORM
Genre/form data or focus term काव्य.
700 ## - ADDED ENTRY--PERSONAL NAME
Personal name केशवसुत.
730 ## - ADDED ENTRY--UNIFORM TITLE
Uniform title हरवलेले श्रेय.
942 ## - ADDED ENTRY ELEMENTS (KOHA)
Koha item type Book
Holdings
Withdrawn status Lost status Damaged status Not for loan Home library Current library Date acquired Cost, normal purchase price Total Checkouts Full call number Barcode Date last seen Cost, replacement price Price effective from Koha item type
        Sarvajanik Wachanalaya Shrivardhan Sarvajanik Wachanalaya Shrivardhan 02/08/2004 3.50   1097 SAWASHRI-1097 06/30/2009 3.50 06/30/2009 Book